Θεωρία των χρωμάτων : διδακτικό μέρος

Αποθηκεύτηκε σε:
Λεπτομέρειες βιβλιογραφικής εγγραφής
Κύριος συγγραφέας: Goethe, Johann Wolfgang von, 1749-1832
Άλλοι συγγραφείς: Steiner, Rudolf, 1861-1925 (Συγγραφέας εισαγωγής κ.λπ.), Χριστόφογλου, Μάρθα (edtf)
Μορφή: Βιβλίο
Γλώσσα:Greek
German
Δημοσίευση: Αθήνα : Printa, c2008.
Σειρά:Στις πηγές της γνώσης
Θέματα:
Ετικέτες: Προσθήκη ετικέτας
Δεν υπάρχουν, Καταχωρήστε ετικέτα πρώτοι!

MARC

LEADER 00000cam a2200000 i 4500
001 1/30008
008 130523s2008 gr | ||| |||| ||gre||
020 |a 9789606624179 
035 |l 10114482 
040 |a GR-MyUa  |b gre  |e AACR2 
041 1 |a gre  |h ger 
082 7 |a 535.6   |2 (22) 
100 1 |a Goethe, Johann Wolfgang von,   |d 1749-1832. 
245 1 0 |a Θεωρία των χρωμάτων :   |b διδακτικό μέρος /   |c Johann Wolfgang von Goethe ; εισαγωγή-σχόλια: Rudolf Steiner ; μετάφραση: Παύλος Κλιματσάκης ; επιμέλεια: Μάρθα-Έλλη Χριστοφόγλου. 
260 |a Αθήνα :   |b Printa,   |c c2008. 
300 |a 363, [14]σ. με πίνακες :   |b εικ. ;   |c 21 εκ. 
490 1 |a (Στις πηγές της γνώσης) 
500 |a Τίτλος πρωτοτύπου: Farbenlehre: Didaktischer Teil. 
650 0 |a Color. 
700 1 |a Steiner, Rudolf,   |d 1861-1925,  |e aui 
700 1 |a Χριστόφογλου, Μάρθα,  |e edtf 
830 0 |a Στις πηγές της γνώσης 
852 |a INST  |b SYROS  |c EUDOXUS  |e 20130523  |h 535.6 GOE  |p 005500010829  |q 005500010829  |t EDX  |y 0 
901 |a BIBL5-2013-1 
920 |a Εύδοξος  |b Παραγγελία  |y Σύρος-ΤΜΣΠΣ  |z 2013-05 
970 |a Κοντού  |b Παρασκευή  |z 23/05/2013